O imaginário no campo (Registo nº 16844)

Detalhes MARC
000 -Etiqueta do registo
Valores 00591nam a22001931i 4500
090 ## -
-- 16844
010 ## - Número ISBN
ISBN 9789727668816
100 ## - Dados gerais de processamento
Dados gerais 20170304u u u0frey50 ba
101 0# - Língua de publicação
-- por
200 1# - Titulo e menção de responsabilidade
Primeira menção de responsabilidade Fátima Sobral
Título próprio O imaginário no campo
215 ## - Descrição física 
Paginação / Volumes 11, [1] p.
Outras indicações físicas todo il.
Dimensões 16x16 cm
210 ## - Publicação
Nome do editor Impala
Local de publicação Queluz
Data de publicação cop. 2005
225 2# - Colecção 
Título próprio da colecção O imaginário
410 #0 -
-- O imaginário
702 #1 - Autor secundário (pessoa individual)
Apelido Marques
Nome Sónia
-- 440
700 #1 - Autor principal (pessoa individual)
Apelido Sobral
Nome Fátima
-- 070
ID Autoridade 3315
996 ## - ISO2709
-- 0021491
-- SOB Inf
-- 00000000
-- 00000000
-- BMVAAL
-- 3
-- Alcáçovas
-- Literatura Infantil
-- 35
-- Livro
-- 0
-- 1
990 ## - Elementos KOHA
Tipo de documento Livro
Exemplares
Situação do levantamento Estado Biblioteca de origem Biblioteca de empréstimo Código de barras Cota Permissão de empréstimo Tipo de documento Nota relativa ao exemplar
  Completo Biblioteca Municipal de Viana Do Alentejo Biblioteca Municipal de Viana Do Alentejo Pólo Alcáçovas 0023037 087.5 SOB Disponível Livro 0-5 anos




Powered by Koha